John Dryden : selected criticism (Record no. 1067)
[ view plain ]
| 000 -LEADER | |
|---|---|
| fixed length control field | 00361nam a2200121 4500 |
| 041 ## - LANGUAGE CODE | |
| Language code of text/sound track or separate title | eng |
| 082 ## - DEWEY DECIMAL CLASSIFICATION NUMBER | |
| Classification number | 821.4 |
| Item number | DRY/KIN |
| Edition number | 18th. |
| 245 ## - TITLE STATEMENT | |
| Title | John Dryden : selected criticism |
| Statement of responsibility, etc | edited by James Kinsley and George Parfitt |
| 260 ## - PUBLICATION, DISTRIBUTION, ETC. (IMPRINT) | |
| Place of publication | Oxford |
| Name of publisher | Clarendon Press |
| Year of publication | 1970 |
| 300 ## - PHYSICAL DESCRIPTION | |
| Number of Pages | xv,315p.; |
| Dimensions | 21cm. |
| 650 ## - SUBJECT ADDED ENTRY--TOPICAL TERM | |
| Topical Term | Dryden, John -Criticism and interpretation |
| 942 ## - ADDED ENTRY ELEMENTS (KOHA) | |
| Koha item type | Books |
| Withdrawn status | Lost status | Damaged status | Collection code | Home library | Current library | Shelving location | Date acquired | Full call number | Accession Number | Koha item type | Copy number |
|---|---|---|---|---|---|---|---|---|---|---|---|
| Binding | ENGLISH | North Eastern Hill University | North Eastern Hill University | General Stacks | 18/11/2011 | 821.4 DRY/KIN | A57 | Books | |||
| ENGLISH | North Eastern Hill University | North Eastern Hill University | 18/11/2011 | 821.4 DRY/KIN | A1246 | Books | ;1 | ||||
| ENGLISH | North Eastern Hill University | North Eastern Hill University | 18/11/2011 | 821.4 DRY/KIN | A3 | Books | ;2 | ||||
| Gifts | North Eastern Hill University | North Eastern Hill University | General Stacks | 08/07/2016 | 821.4 DRY/KIN | G-1960 | Books | ;3 |
